Statistics for Asien på kartan

Click here to take the quiz!

General Stats

  • This quiz has been taken 107 times
  • The average score is 30 of 48

Answers on the Map

Answers color-coded by a green-red scale on the quiz's map according to % correct below.
 

Answer Stats

Answer% Correct
Kina
93%
Mongoliet
91%
Japan
87%
Indien
85%
Nordkorea
85%
Sydkorea
85%
Indonesien
74%
Sri Lanka
74%
Thailand
72%
Malaysia
70%
Taiwan
70%
Filippinerna
67%
Nepal
67%
Turkiet
67%
Vietnam
67%
Kazakstan
65%
Laos
65%
Afghanistan
63%
Maldiverna
63%
Oman
63%
Azerbajdzjan
61%
Jemen
61%
Kambodja
61%
Pakistan
61%
Saudiarabien
61%
Armenien
59%
Burma
59%
Cypern
59%
Förenade
Arabemiraten
59%
Irak
59%
Iran
59%
Bangladesh
57%
Syrien
57%
Kuwait
54%
Singapore
54%
Brunei
52%
Israel
52%
Libanon
52%
Qatar
52%
Georgien
50%
Jordanien
50%
Kirgizistan
50%
Östtimor
50%
Bhutan
48%
Uzbekistan
48%
Bahrain
46%
Turkmenistan
39%
Tadzjikistan
37%

Score Distribution

Percentile by Number Answered

Percent of People with Each Score

Your Score History

You have not taken this quiz